Impossible food quiz. - Statistics

General Stats
  • This quiz has been taken 30 times
  • The average score is 6 of 16
Answer Stats
Picture Answer % Correct
Tofu
76%
Escargot
62%
Gelato
59%
Durian
55%
Falafel
52%
Sashimi
48%
Star fruit
48%
Kumquat
45%
Rambutan
31%
Mangosteen
24%
Gulab Jamun
21%
Paella
21%
Calamari
14%
Fugu
14%
Buddha's Hand
10%
Oliebollen
0%
No matching quizzes found
Score Distribution
Percent of People with Each Score
Percentile by Number Answered
Your Score History
You have not taken this quiz